000 00364nam a22001337a 4500
008 250512b |||||||| |||| 00| 0 eng d
020 _a9781444702767
050 _aBS195
_b.H65
245 _aHoly Bible
_bNew International Version (NIV)
260 _bHodder and Stoughton
_c2011
300 _axviii, 1262P.
650 _aReligion Book
_vChristain Bible
942 _cBK
999 _c3401
_d3401